Countries of the World without the Letter "H" on a map - Statistics

General Stats
  • This quiz has been taken 264 times
  • The average score is 138 of 164
Answers on the Map
Answers color-coded by a green-red scale on the quiz's map according to % correct below.
 
Answer Stats
Country % Correct
United States
95%
Canada
94%
Russia
94%
Denmark
93%
France
93%
Mexico
93%
United Kingdom
93%
Brazil
92%
Finland
92%
Germany
92%
India
92%
Argentina
91%
Austria
91%
Iceland
91%
Indonesia
91%
Ireland
91%
Norway
91%
Sweden
91%
Japan
90%
Mongolia
90%
Uruguay
90%
Australia
89%
Colombia
89%
Cuba
89%
Estonia
89%
Iran
89%
Italy
89%
Latvia
89%
Nepal
89%
Pakistan
89%
Paraguay
89%
Peru
89%
Poland
89%
Portugal
89%
Spain
89%
Turkey
89%
Ukraine
89%
Belgium
88%
Bolivia
88%
Egypt
88%
Iraq
88%
Israel
88%
Morocco
88%
Serbia
88%
Algeria
87%
Belarus
87%
Croatia
87%
Dominican Republic
87%
Ecuador
87%
Greece
87%
Libya
87%
Mali
87%
Romania
87%
Switzerland
87%
Tunisia
87%
Venezuela
87%
Vietnam
87%
Yemen
87%
Belize
86%
Jordan
86%
Laos
86%
Madagascar
86%
New Zealand
86%
Oman
86%
Panama
86%
Saudi Arabia
86%
Somalia
86%
Sudan
86%
Togo
86%
Albania
85%
Armenia
85%
Niger
85%
Syria
85%
Turkmenistan
85%
Azerbaijan
84%
Bulgaria
84%
Dominica
84%
El Salvador
84%
Georgia
84%
Guatemala
84%
Guinea
84%
Guyana
84%
Ivory Coast
84%
Kenya
84%
Luxembourg
84%
Malta
84%
Moldova
84%
Nicaragua
84%
Nigeria
84%
Papua New Guinea
84%
Slovakia
84%
Sri Lanka
84%
Suriname
84%
United Arab Emirates
84%
Uzbekistan
84%
Vatican City
84%
Angola
83%
Cambodia
83%
Costa Rica
83%
Tanzania
83%
Zimbabwe
83%
Benin
82%
Cyprus
82%
Djibouti
82%
Jamaica
82%
Kosovo
82%
Kuwait
82%
Lebanon
82%
Malaysia
82%
Namibia
82%
Slovenia
82%
Zambia
82%
Andorra
81%
Botswana
81%
Cape Verde
81%
Eritrea
81%
Fiji
81%
Liberia
81%
Malawi
81%
Mauritania
81%
Montenegro
81%
Mozambique
81%
Myanmar
81%
Qatar
81%
San Marino
81%
Senegal
81%
Taiwan
81%
Cameroon
80%
Guinea-Bissau
80%
Kyrgyzstan
80%
Monaco
80%
Tajikistan
80%
Uganda
80%
Antigua and Barbuda
79%
Central African Republic
79%
Gabon
79%
Gambia
79%
Kiribati
79%
Mauritius
79%
Nauru
79%
Rwanda
79%
Eswatini
78%
Samoa
78%
Sierra Leone
78%
Burkina Faso
77%
Burundi
77%
Comoros
77%
Equatorial Guinea
77%
Federated States of Micronesia
77%
Maldives
77%
Tonga
77%
Trinidad and Tobago
77%
Tuvalu
76%
Palau
75%
Saint Kitts and Nevis
75%
Saint Lucia
75%
Vanuatu
75%
Barbados
74%
Brunei
74%
São Tomé and Príncipe
74%
Grenada
73%
Solomon Islands
73%
East Timor
72%
Singapore
71%
No matching quizzes found
Score Distribution
Percent of People with Each Score
Percentile by Number Answered
Your Score History
You have not taken this quiz